Ο μισότρελλος κουρελής

Αποθηκεύτηκε σε:
Λεπτομέρειες βιβλιογραφικής εγγραφής
Κύριος συγγραφέας: Μόδης, Γεώργιος, 1888-1975
Μορφή: Βιβλίο
Γλώσσα:Greek
Δημοσίευση: Αθήναι : Πάπυρος, [19--;].
Σειρά:Μακεδονικές Ιστορίες
Θέματα:
Ετικέτες: Προσθήκη ετικέτας
Δεν υπάρχουν, Καταχωρήστε ετικέτα πρώτοι!

MARC

LEADER 00000cam a2200000 a 4500
001 1/119662
008 190722q19uu####gr | ||| |||| ||gre||
040 |a GR-MyUa  |b gre  |c GR-MyUa  |e AACR2 
041 0 |a gre 
082 7 |a 889.3   |2 (23) 
100 1 |a Μόδης, Γεώργιος,   |d 1888-1975. 
245 1 2 |a Ο μισότρελλος κουρελής /   |c Γ. Μόδη.  
260 |a Αθήναι :   |b Πάπυρος,   |c [19--;].  
300 |a 247 σ. ;   |c 18 εκ.  
490 1 |a (Μακεδονικές Ιστορίες)  
650 0 |a Folk literature, Greek. 
650 0 |a Greek literature, Modern  |y 20th century. 
830 0 |a Μακεδονικές Ιστορίες 
852 |a INST  |b RHODES  |c AKA  |e 20190722  |h 889.3 ΜΟΔ  |p 005400041001  |q 005400041001  |t BK  |y 0 
970 |a Μαρία  |b Κωτάκου  |z 22-07-2019